[Event "ROM-chT "]
[Site "Mamaia"]
[Date "2015.10.11"]
[Round "9.5"]
[White "Stoleriu, George"]
[Black "Doros, Radu Marian"]
[Result "1/2-1/2"]
[WhiteElo "2227"]
[BlackElo "2317"]
[PlyCount "82"]
[EventDate "2015.10.03"]
[EventType "team-tourn"]
[EventRounds "9"]
[EventCountry "ROU"]
[SourceTitle "CBM 168 Extra"]
[Source "ChessBase"]
[SourceDate "2015.10.29"]
[SourceVersion "1"]
[SourceVersionDate "2015.10.29"]
[SourceQuality "1"]
[WhiteTeam "Iasi Politehnica"]
[BlackTeam "Timisoara Medicina"]
[WhiteTeamCountry "ROU"]
[BlackTeamCountry "ROU"]

1. e4 c5 2. Nc3 Nc6 3. Bb5 Nd4 4. Bc4 e6 5. Nge2 a6 6. d3 b5 7. Bb3 Nxb3 8. axb3 b4 9. Na4 d6 10. 0-0 Nf6 11. Ng3 Be7 12. Be3 Qc7 13. d4 Bb7 14. dxc5 dxc5 15. f3 0-0 16. Qe2 Nd7 17. Rfd1 Rfd8 18. Qf2 Qc6 19. Nf1 c4 20. Nd2 cxb3 21. Nxb3 Qb5 22. Nd4 Qe5 23. b3 f5 24. exf5 exf5 25. Nb2 f4 26. Bc1 Bc5 27. Nc4 Qf6 28. Bb2 Nf8 29. Kh1 Rd5 30. Na5 Bc8 31. Qf1 Rxd4 32. Bxd4 Bxd4 33. Qc4+ Ne6 34. Ra4 Bc5 35. Nc6 Bf8 36. Nxb4 Bb7 37. Re1 Rd8 38. Nd3 Bd5 39. Qxa6 Rd6 40. Qa7 Qc3 41. Qf2 Bxb3 1/2-1/2

[Event "ROM-chT "]
[Site "Mamaia"]
[Date "2015.10.07"]
[Round "5.4"]
[White "Doros, Radu Marian"]
[Black "Salim, Riza"]
[Result "1-0"]
[WhiteElo "2317"]
[BlackElo "2177"]
[PlyCount "97"]
[EventDate "2015.10.03"]
[EventType "team-tourn"]
[EventRounds "9"]
[EventCountry "ROU"]
[SourceTitle "CBM 168 Extra"]
[Source "ChessBase"]
[SourceDate "2015.10.29"]
[SourceVersion "1"]
[SourceVersionDate "2015.10.29"]
[SourceQuality "1"]
[WhiteTeam "Timisoara Medicina"]
[BlackTeam "Techirghiol Victoria"]
[WhiteTeamCountry "ROU"]
[BlackTeamCountry "ROU"]

1. d4 d5 2. c4 e6 3. Nf3 c6 4. e3 Nf6 5. Bd3 dxc4 6. Bxc4 b5 7. Bd3 a6 8. a4 Bb7 9. 0-0 Be7 10. e4 Nbd7 11. e5 Nd5 12. Nc3 Nb4 13. Be4 Rb8 14. Re1 0-0 15. Be3 c5 16. axb5 Bxe4 17. Nxe4 cxd4 18. Nxd4 axb5 19. Qh5 g6 20. Qh3 Nxe5 21. Red1 Ra8 22. Rxa8 Qxa8 23. Ng5 Bxg5 24. Bxg5 Nd5 25. Nxe6 fxe6 26. Qxe6+ Nf7 27. Qxd5 Qxd5 28. Rxd5 Re8 29. Be3 Re5 30. Rd7 Kf8 31. Kf1 Ke8 32. Rb7 h5 33. Rb6 g5 34. h3 Kd7 35. Rg6 Ke7 36. Ke2 Re6 37. Rg8 Kf6 38. Rb8 Re5 39. Rb6+ Kf5 40. Kd3 Rd5+ 41. Kc3 Nd6 42. Rb8 g4 43. Rf8+ Ke5 44. Bf4+ Ke6 45. Bxd6 Rxd6 46. hxg4 hxg4 47. Rf4 Rc6+ 48. Kb3 g3 49. f3 1-0

[Event "ROM-chT "]
[Site "Mamaia"]
[Date "2015.10.05"]
[Round "3.3"]
[White "Doros, Radu Marian"]
[Black "David, Alexandru Vasile"]
[Result "0-1"]
[WhiteElo "2317"]
[BlackElo "2340"]
[PlyCount "64"]
[EventDate "2015.10.03"]
[EventType "team-tourn"]
[EventRounds "9"]
[EventCountry "ROU"]
[SourceTitle "CBM 168 Extra"]
[Source "ChessBase"]
[SourceDate "2015.10.29"]
[SourceVersion "1"]
[SourceVersionDate "2015.10.29"]
[SourceQuality "1"]
[WhiteTeam "Timisoara Medicina"]
[BlackTeam "Bucharest Apa Nova"]
[WhiteTeamCountry "ROU"]
[BlackTeamCountry "ROU"]

1. d4 Nf6 2. c4 e6 3. g3 d5 4. Nf3 dxc4 5. Bg2 Bd7 6. Ne5 Bc6 7. Nxc6 Nxc6 8. 0-0 Qd7 9. e3 0-0-0 10. Qa4 Nd5 11. Qxc4 h5 12. Bd2 h4 13. Rc1 hxg3 14. hxg3 f5 15. b4 g5 16. b5 Nce7 17. Nc3 Nxc3 18. Bxc3 Nd5 19. Ba5 Bd6 20. e4 fxe4 21. Bxe4 Qf7 22. Rc2 Qh5 23. Rac1 Qh2+ 24. Kf1 Bxg3 25. Qd3 Rdf8 26. Bg2 Bxf2 27. Bxc7 Bg3+ 28. Bf4+ Kd7 29. Rc7+ Nxc7 30. Rxc7+ Kd8 31. Rc8+ Kxc8 32. Qc4+ Kd8 0-1

[Event "ROM-ch U20"]
[Site "Calimanesti"]
[Date "2015.04.04"]
[Round "6"]
[White "Negru, Alecsandru George"]
[Black "Doros, Radu Marian"]
[Result "0-1"]
[WhiteElo "1872"]
[BlackElo "2321"]
[PlyCount "88"]
[EventDate "2015.03.30"]
[EventType "tourn"]
[EventRounds "7"]
[EventCountry "ROU"]
[SourceTitle "CBM 165 Extra"]
[Source "ChessBase"]
[SourceDate "2015.04.21"]
[SourceVersion "1"]
[SourceVersionDate "2015.04.21"]
[SourceQuality "1"]

1. e4 c5 2. Nc3 e6 3. f4 d5 4. Bb5+ Bd7 5. Bxd7+ Qxd7 6. e5 Nc6 7. Nf3 Nge7 8. d3 h5 9. Nh4 g6 10. 0-0 Nf5 11. Nxf5 gxf5 12. Bd2 0-0-0 13. Ne2 d4 14. Kh1 Be7 15. Ng1 Rdg8 16. Qf3 Kb8 17. a3 Rg4 18. Rf2 Rhg8 19. Raf1 Bf8 20. Re2 Ne7 21. Nh3 Ng6 22. Be1 Bh6 23. g3 Qb5 24. c3 dxc3 25. bxc3 h4 26. c4 Qd7 27. Nf2 Nxf4 28. Nxg4 fxg4 29. Qe4 Nxe2 30. Qxe2 Qc6+ 31. Qg2 Qxg2+ 32. Kxg2 h3+ 33. Kf2 Rg5 34. Bc3 Rf5+ 35. Ke2 Kc7 36. a4 b6 37. Re1 Kc6 38. Rf1 a6 39. Rf2 b5 40. axb5+ axb5 41. cxb5+ Kxb5 42. Rxf5 exf5 43. Bd2 Bxd2 44. Kxd2 f4 0-1

[Event "ROM-ch U20"]
[Site "Calimanesti"]
[Date "2015.03.30"]
[Round "1"]
[White "Doros, Radu Marian"]
[Black "Vrencian, Lehel"]
[Result "1/2-1/2"]
[WhiteElo "2321"]
[BlackElo "2128"]
[PlyCount "78"]
[EventDate "2015.03.30"]
[EventType "tourn"]
[EventRounds "7"]
[EventCountry "ROU"]
[SourceTitle "CBM 165 Extra"]
[Source "ChessBase"]
[SourceDate "2015.04.21"]
[SourceVersion "1"]
[SourceVersionDate "2015.04.21"]
[SourceQuality "1"]

1. d4 d5 2. c4 dxc4 3. e3 Nf6 4. Nf3 e6 5. Bxc4 a6 6. 0-0 Nbd7 7. Qe2 b5 8. Bd3 c5 9. a4 b4 10. e4 cxd4 11. e5 Nd5 12. Nxd4 Bc5 13. Nb3 Be7 14. N1d2 Qc7 15. Nc4 Nc5 16. Nxc5 Bxc5 17. Qg4 0-0 18. Qh4 g6 19. Bg5 Be7 20. Rac1 Bxg5 21. Qxg5 Qd8 22. Qg3 Bd7 23. Nd6 Bxa4 24. Ne4 Kg7 25. h4 h5 26. Nc5 Bd7 27. Rfd1 Qe7 28. Bxa6 Ba4 29. Rd2 Ra7 30. Qg5 Rfa8 31. Qxe7 Nxe7 32. Bb7 Rb8 33. Ra1 Ra5 34. Rxa4 Rxa4 35. Nxa4 Rxb7 36. g3 Rb5 37. f4 Nd5 38. Kf2 Kf8 39. Rc2 Ra5 1/2-1/2

[Event "ROM-chT"]
[Site "Calimanesti"]
[Date "2014.11.16"]
[Round "9.5"]
[White "Doros, Radu Marian"]
[Black "Gavrilescu, David"]
[Result "1/2-1/2"]
[WhiteElo "2317"]
[BlackElo "2148"]
[PlyCount "36"]
[EventDate "2014.11.08"]
[EventType "team-tourn"]
[EventRounds "9"]
[EventCountry "ROU"]
[SourceTitle "EXT 2016"]
[Source "ChessBase"]
[SourceDate "2015.10.08"]
[SourceVersion "1"]
[SourceVersionDate "2015.10.08"]
[SourceQuality "1"]
[WhiteTeam "Timisoara Medicina"]
[BlackTeam "Oltenia Craiova"]
[WhiteTeamCountry "ROU"]
[BlackTeamCountry "ROU"]

1. d4 e6 2. c4 Bb4+ 3. Nd2 b6 4. a3 Bxd2+ 5. Qxd2 Nf6 6. e3 Bb7 7. f3 d5 8. Nh3 0-0 9. Be2 Nbd7 10. 0-0 dxc4 11. Bxc4 c5 12. dxc5 Nxc5 13. e4 Rc8 14. b3 b5 15. Qxd8 Rfxd8 16. Bxb5 Nxb3 17. Rb1 Nxc1 18. Rfxc1 Kf8 1/2-1/2

[Event "ROM-chT"]
[Site "Calimanesti"]
[Date "2014.11.15"]
[Round "8.2"]
[White "Salim, Riza"]
[Black "Doros, Radu Marian"]
[Result "0-1"]
[WhiteElo "1964"]
[BlackElo "2317"]
[PlyCount "46"]
[EventDate "2014.11.08"]
[EventType "team-tourn"]
[EventRounds "9"]
[EventCountry "ROU"]
[SourceTitle "EXT 2015"]
[Source "ChessBase"]
[SourceDate "2014.11.20"]
[SourceVersion "1"]
[SourceVersionDate "2014.11.20"]
[SourceQuality "1"]
[WhiteTeam "Terchirghol Victoria"]
[BlackTeam "Timisoara Medicina"]
[WhiteTeamCountry "ROU"]
[BlackTeamCountry "ROU"]

1. e4 c5 2. Nf3 d6 3. d4 cxd4 4. Nxd4 Nf6 5. Nc3 a6 6. Qf3 Qb6 7. Nb3 e6 8. g4 Nc6 9. g5 Nd7 10. h4 Qc7 11. Be3 b5 12. a3 Bb7 13. 0-0-0 b4 14. axb4 Nxb4 15. h5 Rc8 16. Kb1 d5 17. g6 Nf6 18. gxf7+ Kxf7 19. e5 d4 20. Qh3 dxc3 21. exf6 cxb2 22. Nd4 Bd5 23. c4 Qa5 0-1

[Event "ROM-chT"]
[Site "Calimanesti"]
[Date "2014.11.14"]
[Round "7.4"]
[White "Doros, Radu Marian"]
[Black "Voiteanu, Christian Gabriel"]
[Result "1-0"]
[WhiteElo "2317"]
[BlackElo "2213"]
[PlyCount "99"]
[EventDate "2014.11.08"]
[EventType "team-tourn"]
[EventRounds "9"]
[EventCountry "ROU"]
[SourceTitle "EXT 2015"]
[Source "ChessBase"]
[SourceDate "2014.11.20"]
[SourceVersion "1"]
[SourceVersionDate "2014.11.20"]
[SourceQuality "1"]
[WhiteTeam "Timisoara Medicina"]
[BlackTeam "Ploiesti CSU"]
[WhiteTeamCountry "ROU"]
[BlackTeamCountry "ROU"]

1. d4 d5 2. c4 e6 3. Nc3 Nf6 4. cxd5 exd5 5. Bg5 Be7 6. e3 0-0 7. Bd3 h6 8. Bh4 b6 9. Nge2 Bb7 10. 0-0 c5 11. Rc1 Nbd7 12. f3 Re8 13. Bf2 a6 14. Ng3 g6 15. e4 cxd4 16. Bxd4 Bc5 17. Bb1 dxe4 18. Ngxe4 Nxe4 19. Bxe4 Bxd4+ 20. Qxd4 Nc5 21. Nd5 Bxd5 22. Bxd5 Qd7 23. Rfd1 Rad8 24. Qf6 Ne6 25. Bb3 Qe7 26. Qxe7 Rxe7 27. Rxd8+ Nxd8 28. Rc8 Rd7 29. Rb8 Rd6 30. Ra8 a5 31. Kf2 Kg7 32. Ra7 Ne6 33. Ke3 Kf6 34. h4 Rc6 35. Rd7 Rc5 36. f4 b5 37. g4 Rc6 38. Bd5 Rc1 39. g5+ hxg5 40. hxg5+ Kg7 41. Kd2 Rf1 42. Bxe6 Rxf4 43. Ke3 Rf1 44. Bd5 Rf5 45. Kd4 b4 46. Kc4 Rf2 47. Rxf7+ Rxf7 48. Bxf7 Kxf7 49. Kb5 Ke6 50. Kxa5 1-0

[Event "ROM-chT"]
[Site "Calimanesti"]
[Date "2014.11.11"]
[Round "4.4"]
[White "Costachi, Mihnea"]
[Black "Doros, Radu Marian"]
[Result "0-1"]
[WhiteElo "2382"]
[BlackElo "2317"]
[PlyCount "120"]
[EventDate "2014.11.08"]
[EventType "team-tourn"]
[EventRounds "9"]
[EventCountry "ROU"]
[SourceTitle "EXT 2015"]
[Source "ChessBase"]
[SourceDate "2014.11.20"]
[SourceVersion "1"]
[SourceVersionDate "2014.11.20"]
[SourceQuality "1"]
[WhiteTeam "Timisoara Luxten"]
[BlackTeam "Timisoara Medicina"]
[WhiteTeamCountry "ROU"]
[BlackTeamCountry "ROU"]

1. d4 Nf6 2. c4 e6 3. Nc3 Bb4 4. e3 0-0 5. Nge2 c6 6. a3 Ba5 7. b4 Bc7 8. Ng3 d5 9. f4 Nbd7 10. c5 e5 11. dxe5 Nxe5 12. fxe5 Bxe5 13. Bb2 Ng4 14. Qf3 Re8 15. Be2 Bxc3+ 16. Bxc3 Rxe3 17. Qf4 Rxc3 18. 0-0 Be6 19. Nf5 Bxf5 20. Qxf5 Nf6 21. Qe5 d4 22. Bf3 Qd7 23. Rfd1 Rd8 24. Ra2 Qe6 25. Re2 Qxe5 26. Rxe5 d3 27. a4 a5 28. b5 Nd7 29. Re3 Nxc5 30. bxc6 bxc6 31. Bxc6 g6 32. Kf2 Rc4 33. Bb5 Rcd4 34. Re5 Nxa4 35. Bxa4 Rxa4 36. Rd2 Rf4+ 37. Ke3 Rf5 38. Re4 Rfd5 39. Rc4 Re8+ 40. Kf3 Rf5+ 41. Kg4 h5+ 42. Kh3 Rd5 43. Rc3 Red8 44. Ra3 R8d6 45. Kg3 Kf8 46. Kf3 Ke7 47. Ke4 Rd4+ 48. Ke3 a4 49. Rc3 Ke6 50. Rc5 R4d5 51. Rc4 Re5+ 52. Kf3 Ra5 53. Ke3 a3 54. Rc1 Re5+ 55. Kf3 Rb5 56. Rc3 Rb2 57. Ke3 Rxd2 58. Kxd2 Ra6 59. Rc1 a2 60. Ra1 Ra3 0-1

[Event "ROM-chT"]
[Site "Calimanesti"]
[Date "2014.11.08"]
[Round "1.1"]
[White "Soltanici, Ruslan"]
[Black "Doros, Radu Marian"]
[Result "1/2-1/2"]
[WhiteElo "2351"]
[BlackElo "2317"]
[PlyCount "98"]
[EventDate "2014.11.08"]
[EventType "team-tourn"]
[EventRounds "9"]
[EventCountry "ROU"]
[SourceTitle "EXT 2015"]
[Source "ChessBase"]
[SourceDate "2014.11.20"]
[SourceVersion "1"]
[SourceVersionDate "2014.11.20"]
[SourceQuality "1"]
[WhiteTeam "Galati"]
[BlackTeam "Timisoara Medicina"]
[WhiteTeamCountry "ROU"]
[BlackTeamCountry "ROU"]

1. e4 e5 2. Nf3 Nc6 3. Bb5 a6 4. Ba4 Nf6 5. 0-0 Be7 6. Re1 b5 7. Bb3 d6 8. c3 0-0 9. h3 Na5 10. Bc2 c5 11. d4 Nd7 12. Nbd2 exd4 13. cxd4 Nc6 14. d5 Nce5 15. a4 Bb7 16. Nxe5 Nxe5 17. f4 Nd7 18. Nf3 Re8 19. b3 Bf6 20. Ra2 Qc7 21. Kh1 c4 22. bxc4 bxc4 23. Be3 Bc3 24. Bd2 Qa5 25. Bxc3 Qxc3 26. a5 Nf6 27. Qc1 Re7 28. Ra4 Nxe4 29. Rxe4 Rxe4 30. Ra3 Qb4 31. Bxe4 Re8 32. Re3 g6 33. f5 Qxa5 34. fxg6 hxg6 35. Bxg6 Rxe3 36. Qxe3 Bxd5 37. Be4 Be6 38. Qh6 Qa1+ 39. Kh2 Qg7 40. Qd2 d5 41. Bc2 Qf6 42. Qe3 a5 43. Nd4 Bd7 44. Qg3+ Kf8 45. Qb8+ Ke7 46. Qa7 Qf4+ 47. Kh1 Qf1+ 48. Kh2 Qf4+ 49. Kh1 Qf1+ 1/2-1/2

[Event "Iasi op"]
[Site "Iasi"]
[Date "2014.05.12"]
[Round "3"]
[White "Doros, Radu Marian"]
[Black "Lehaci, Miruna Daria"]
[Result "1-0"]
[WhiteElo "2334"]
[BlackElo "1505"]
[PlyCount "73"]
[EventDate "2014.05.10"]
[EventType "swiss"]
[EventRounds "9"]
[EventCountry "ROU"]
[SourceTitle "CBM 160 Extra"]
[Source "ChessBase"]
[SourceDate "2014.07.01"]
[SourceVersion "1"]
[SourceVersionDate "2014.07.01"]
[SourceQuality "1"]

1. d4 f5 2. c4 Nf6 3. Nc3 g6 4. g3 Bg7 5. Bg2 0-0 6. Nf3 d6 7. 0-0 c6 8. Re1 Qe8 9. e4 fxe4 10. Nxe4 Nxe4 11. Rxe4 Bf5 12. Re3 Qf7 13. b3 a5 14. Qe2 Bf6 15. Bb2 Qg7 16. h3 g5 17. Ne5 Qh8 18. Ng4 Bxg4 19. Qxg4 Qg7 20. Rae1 Na6 21. R1e2 Rab8 22. Bc1 Rf7 23. d5 Bd4 24. Re4 Bf6 25. dxc6 bxc6 26. R4e3 Rb6 27. Qd7 Rf8 28. Bxc6 Nc5 29. Bd5+ Kh8 30. Qc7 Ra6 31. Rxe7 Qg6 32. Rf7 Rxf7 33. Bxf7 Qb1 34. Bd5 Qg6 35. h4 gxh4 36. Qc8+ Kg7 37. Qg8# 1-0

[Event "HUN-chT2 Toth 1314"]
[Site "Hungary"]
[Date "2014.04.27"]
[Round "11.2"]
[White "Doros, Radu Marian"]
[Black "Muhari, Istvan"]
[Result "1-0"]
[WhiteElo "2334"]
[BlackElo "2257"]
[PlyCount "69"]
[EventDate "2013.09.08"]
[EventType "team-tourn"]
[EventRounds "11"]
[EventCountry "HUN"]
[SourceTitle "EXT 2016"]
[Source "ChessBase"]
[SourceDate "2015.10.08"]
[SourceVersion "1"]
[SourceVersionDate "2015.10.08"]
[SourceQuality "1"]
[WhiteTeam "Karcag"]
[BlackTeam "Ujszasz"]
[WhiteTeamCountry "HUN"]
[BlackTeamCountry "HUN"]

1. d4 d5 2. c4 e6 3. Nc3 Nf6 4. cxd5 exd5 5. Bg5 c6 6. Qc2 Bd6 7. e3 h6 8. Bh4 Be6 9. Bd3 0-0 10. Nge2 Nbd7 11. h3 Rc8 12. 0-0 c5 13. Bb5 Be7 14. Nf4 cxd4 15. exd4 Bd6 16. Nxe6 fxe6 17. Qe2 Qe7 18. Rae1 Rce8 19. f4 Bb4 20. f5 Bxc3 21. bxc3 e5 22. dxe5 Qxe5 23. Qd3 Qd6 24. Bg3 Qb6+ 25. Bf2 Nc5 26. Rxe8 Rxe8 27. Bxe8 Nxd3 28. Bxb6 Nxe8 29. Bxa7 Nd6 30. Rd1 Nf4 31. Bd4 Nxf5 32. Rb1 Ne2+ 33. Kf2 Nexd4 34. cxd4 Nxd4 35. Rxb7 1-0

[Event "HUN-chT2 Toth 1314"]
[Site "Hungary"]
[Date "2014.03.23"]
[Round "9.2"]
[White "Doros, Radu Marian"]
[Black "Zalai, Mihaly"]
[Result "1-0"]
[WhiteElo "2334"]
[BlackElo "2152"]
[PlyCount "149"]
[EventDate "2013.09.08"]
[EventType "team-tourn"]
[EventRounds "11"]
[EventCountry "HUN"]
[SourceTitle "EXT 2016"]
[Source "ChessBase"]
[SourceDate "2015.10.08"]
[SourceVersion "1"]
[SourceVersionDate "2015.10.08"]
[SourceQuality "1"]
[WhiteTeam "Karcag"]
[BlackTeam "Oroshaza"]
[WhiteTeamCountry "HUN"]
[BlackTeamCountry "HUN"]

1. d4 d5 2. c4 e6 3. Nc3 Nf6 4. cxd5 exd5 5. Bg5 Be7 6. e3 c6 7. Bd3 0-0 8. Nge2 h6 9. Bh4 Re8 10. Qc2 Ne4 11. Bxe7 Qxe7 12. Bxe4 dxe4 13. 0-0 Na6 14. Nf4 Nb4 15. Qd2 Bf5 16. a3 g5 17. Nce2 Nd5 18. Ng3 Bg6 19. Nxd5 cxd5 20. Rac1 Qd6 21. Rc5 Rec8 22. Rfc1 Qd7 23. Qc3 Rxc5 24. dxc5 Qb5 25. Qc2 Qe8 26. Ne2 Bf5 27. Qb3 Qd7 28. Nd4 Be6 29. Qb5 Re8 30. b4 Qxb5 31. Nxb5 a6 32. Nc3 Kf8 33. Rd1 a5 34. Nxd5 axb4 35. axb4 Ra8 36. Nc3 Ra3 37. Rc1 Rb3 38. b5 Rb4 39. h3 Ke7 40. Rb1 Rc4 41. c6 Kd6 42. cxb7 Kc7 43. Ne2 Kxb7 44. Nd4 Bd7 45. Ra1 Rc5 46. Ra6 Bxb5 47. Rxh6 Bc4 48. Rh8 Re5 49. Rh6 Rc5 50. Kh2 Kc7 51. Kg3 Kd7 52. Kg4 Be6+ 53. Nxe6 fxe6 54. Rg6 Rc2 55. Rxg5 Rxf2 56. Kg3 Re2 57. Kf4 Ke7 58. Kxe4 Kf6 59. Rg3 e5 60. Kf3 Ra2 61. Rg4 Rb2 62. Ra4 Kf5 63. h4 Rb1 64. e4+ Kg6 65. Kg4 Rf1 66. Ra6+ Kg7 67. Kg5 Rf4 68. Ra4 Kf7 69. h5 Kg7 70. g4 Kh7 71. h6 Kg8 72. Kh5 Rf6 73. Ra5 Kh7 74. g5 Ra6 75. Rxa6 1-0

[Event "HUN-chT2 Toth 1314"]
[Site "Hungary"]
[Date "2013.11.17"]
[Round "5.2"]
[White "Doros, Radu Marian"]
[Black "Volford, Istvan"]
[Result "1-0"]
[WhiteElo "2334"]
[BlackElo "1985"]
[PlyCount "63"]
[EventDate "2013.09.08"]
[EventType "team-tourn"]
[EventRounds "11"]
[EventCountry "HUN"]
[SourceTitle "EXT 2016"]
[Source "ChessBase"]
[SourceDate "2015.10.08"]
[SourceVersion "1"]
[SourceVersionDate "2015.10.08"]
[SourceQuality "1"]
[WhiteTeam "Karcag"]
[BlackTeam "Szeged Maroczy II"]
[WhiteTeamCountry "HUN"]
[BlackTeamCountry "HUN"]

1. Nf3 d6 2. d4 Nf6 3. g3 g6 4. Bg2 Bg7 5. 0-0 0-0 6. c4 c6 7. Nc3 Nbd7 8. e4 e5 9. h3 Re8 10. Re1 Qc7 11. Rb1 a5 12. b3 exd4 13. Nxd4 Nc5 14. Bb2 Be6 15. f4 Rad8 16. Qd2 Bxh3 17. Bxh3 Ncxe4 18. Qd3 d5 19. cxd5 cxd5 20. Bg2 Nc5 21. Rxe8+ Rxe8 22. Qf3 Nfe4 23. Rd1 Qd7 24. Nde2 d4 25. Nxe4 Rxe4 26. Qf2 d3 27. Bxe4 Nxe4 28. Qe3 Bxb2 29. Qxe4 d2 30. Qe3 Bc1 31. Nxc1 dxc1Q 32. Qxc1 1-0

[Event "EU-ch U18 23rd"]
[Site "Budva"]
[Date "2013.10.06"]
[Round "7"]
[White "Doros, Radu Marian"]
[Black "Kadric, Denis"]
[Result "0-1"]
[WhiteElo "2334"]
[BlackElo "2470"]
[PlyCount "58"]
[EventDate "2013.09.29"]
[EventType "swiss"]
[EventRounds "9"]
[EventCountry "MNE"]
[SourceTitle "CBM 156 Extra"]
[Source "ChessBase"]
[SourceDate "2013.10.22"]
[SourceVersion "1"]
[SourceVersionDate "2013.10.22"]
[SourceQuality "1"]

1. Nf3 d5 2. g3 g6 3. Bg2 Bg7 4. 0-0 e5 5. d3 Ne7 6. c4 c6 7. Nbd2 0-0 8. Rb1 h6 9. b4 Be6 10. Qc2 Nd7 11. e4 f5 12. exf5 gxf5 13. Bb2 Ng6 14. Rfe1 Re8 15. Nb3 dxc4 16. dxc4 Qe7 17. a3 Qf7 18. Na5 e4 19. Nd4 Nde5 20. Bf1 Rad8 21. Kh1 Nd3 22. Bxd3 exd3 23. Qxd3 Ne5 24. Qc2 Bxc4 25. Nxc4 Nxc4 26. Nxf5 Nxb2 27. Rxe8+ Rxe8 28. Nxg7 Qf3+ 29. Kg1 Re2 0-1

[Event "EU-ch U18 23rd"]
[Site "Budva"]
[Date "2013.10.03"]
[Round "5"]
[White "Grib, Roman"]
[Black "Doros, Radu Marian"]
[Result "0-1"]
[WhiteElo "2401"]
[BlackElo "2334"]
[PlyCount "62"]
[EventDate "2013.09.29"]
[EventType "swiss"]
[EventRounds "9"]
[EventCountry "MNE"]
[SourceTitle "CBM 156 Extra"]
[Source "ChessBase"]
[SourceDate "2013.10.22"]
[SourceVersion "1"]
[SourceVersionDate "2013.10.22"]
[SourceQuality "1"]

1. e4 c5 2. Nf3 e6 3. c4 Nc6 4. Nc3 e5 5. d3 g6 6. g3 Bg7 7. Bg2 Nge7 8. h4 h6 9. Nh2 d6 10. a3 Be6 11. Rb1 a5 12. h5 Qd7 13. Nd5 Rb8 14. hxg6 fxg6 15. Nf1 h5 16. Bg5 0-0 17. Nfe3 b5 18. g4 hxg4 19. Rh4 bxc4 20. dxc4 Rf7 21. Nxg4 Bxg4 22. Rxg4 Nxd5 23. exd5 Nd4 24. Be4 Rbf8 25. f4 exf4 26. Bxg6 Re8+ 27. Kf1 Nf5 28. Kg1 Ne3 29. Rxf4 Rxf4 30. Bxe8 Qxe8 31. Qd3 Rg4+ 0-1

[Event "EU-ch U18 23rd"]
[Site "Budva"]
[Date "2013.10.02"]
[Round "4"]
[White "Doros, Radu Marian"]
[Black "Gordievsky, Dmitry"]
[Result "1/2-1/2"]
[WhiteElo "2334"]
[BlackElo "2455"]
[PlyCount "113"]
[EventDate "2013.09.29"]
[EventType "swiss"]
[EventRounds "9"]
[EventCountry "MNE"]
[SourceTitle "CBM 156 Extra"]
[Source "ChessBase"]
[SourceDate "2013.10.22"]
[SourceVersion "1"]
[SourceVersionDate "2013.10.22"]
[SourceQuality "1"]

1. c4 Nf6 2. Nf3 e6 3. g3 b6 4. Bg2 Bb7 5. 0-0 Be7 6. Nc3 0-0 7. Re1 d5 8. cxd5 exd5 9. d4 c5 10. Bf4 Na6 11. dxc5 Nxc5 12. Rc1 a6 13. Be5 Re8 14. Bd4 Ne6 15. Qb3 Nxd4 16. Nxd4 Bc5 17. Red1 Rc8 18. Rc2 b5 19. a3 h5 20. e3 h4 21. Nde2 Ng4 22. Nxd5 hxg3 23. hxg3 Qg5 24. Nef4 Ba7 25. Rdc1 Rxc2 26. Qxc2 Bxd5 27. Nxd5 Nxe3 28. fxe3 Rxe3 29. Kf1 Rxg3 30. Qc8+ Kh7 31. Rc3 Rxc3 32. Qxc3 Qf5+ 33. Bf3 Qh3+ 34. Ke2 Qe6+ 35. Kd1 g6 36. Kc2 Bb8 37. Nf6+ Kh6 38. Ng4+ Kg5 39. Qd2+ Bf4 40. Qd8+ f6 41. Qd3 Qb6 42. Qd5+ f5 43. Be2 Qd6 44. Qxd6 Bxd6 45. Ne3 Kf4 46. Nd5+ Ke5 47. Nb4 Bxb4 48. axb4 Kf4 49. Kd2 g5 50. Bd3 g4 51. Ke2 Ke5 52. Ke3 f4+ 53. Kf2 Kd5 54. Be2 Kd4 55. Bxg4 Kc4 56. Be6+ Kxb4 57. Kf3 1/2-1/2

[Event "EU-ch U18 23rd"]
[Site "Budva"]
[Date "2013.10.01"]
[Round "3"]
[White "Doros, Radu Marian"]
[Black "Lugovskoy, Maxim"]
[Result "1/2-1/2"]
[WhiteElo "2334"]
[BlackElo "2408"]
[PlyCount "202"]
[EventDate "2013.09.29"]
[EventType "swiss"]
[EventRounds "9"]
[EventCountry "MNE"]
[SourceTitle "CBM 156 Extra"]
[Source "ChessBase"]
[SourceDate "2013.10.22"]
[SourceVersion "1"]
[SourceVersionDate "2013.10.22"]
[SourceQuality "1"]

1. d4 d5 2. c4 e6 3. Nc3 Be7 4. Bf4 Nf6 5. e3 0-0 6. a3 b6 7. Nb5 Na6 8. Nf3 Bb7 9. Qc2 c6 10. Nc3 Nc7 11. Rd1 dxc4 12. Bxc4 Ncd5 13. 0-0 Nxf4 14. exf4 Nd5 15. g3 Nxc3 16. Qxc3 Bf6 17. Ne5 Rc8 18. Rd2 g6 19. h4 Qe7 20. b4 Rfd8 21. Rfd1 Kg7 22. Be2 h5 23. Bf3 Rd6 24. Qe3 Rdd8 25. Be4 Bxe5 26. fxe5 Rc7 27. Qf3 Rdd7 28. Rd3 Qd8 29. a4 Qe7 30. Rb3 Qd8 31. a5 Kg8 32. Rbb1 Qe7 33. Kh2 Rd8 34. Kg2 Rdd7 35. Rd2 Qd8 36. Rbd1 Qe7 37. Rb2 Qd8 38. Rbb1 bxa5 39. bxa5 Rxd4 40. Rdc1 Rd2 41. Rb4 Rd4 42. Rb2 Qd7 43. Rc5 Rd2 44. Rcc2 Rxc2 45. Rxc2 Qd4 46. Qf4 c5 47. Bxb7 Rxb7 48. Qxd4 cxd4 49. Rc8+ Kg7 50. Rd8 Rb5 51. f4 Rxa5 52. Rxd4 Rd5 53. Rc4 Rd2+ 54. Kf3 Rd3+ 55. Kg2 a5 56. Rc7 Rd2+ 57. Kf3 a4 58. Ra7 Rd3+ 59. Kg2 a3 60. Kh3 Rc3 61. Ra6 Rb3 62. Ra7 Kf8 63. Ra6 Ke7 64. Ra7+ Ke8 65. Kg2 Rb2+ 66. Kf3 a2 67. g4 Kf8 68. gxh5 gxh5 69. f5 exf5 70. Kf4 Rf2+ 71. Kg3 Rb2 72. Kf4 Rf2+ 73. Kg3 Rf1 74. Rxa2 f4+ 75. Kg2 Re1 76. Kf3 Rxe5 77. Kxf4 Rb5 78. Ra4 Kg7 79. Ra6 f6 80. Ra2 Rb4+ 81. Kf5 Rb5+ 82. Kf4 Kf7 83. Re2 Rb4+ 84. Kf5 Rb3 85. Kf4 Rh3 86. Kf5 Rf3+ 87. Ke4 Rf1 88. Ra2 Kg7 89. Rg2+ Kf7 90. Ra2 Rb1 91. Kf5 Rb5+ 92. Ke4 Rc5 93. Ra1 Kg6 94. Rg1+ Kh6 95. Kf4 Rc4+ 96. Kf5 Rxh4 97. Rg6+ Kh7 98. Rxf6 Ra4 99. Kg5 Ra5+ 100. Kh4 Kg7 101. Rb6 Ra4+ 1/2-1/2